23区の町丁名 - Statistics

General Stats
  • This quiz has been taken 191 times
  • The average score is 220 of 934
Answer Stats
区名 町丁名 % Correct
渋谷区 東(一)〜(四)
89%
目黒区 南(一)〜(三)
80%
新宿区 新宿(一)〜(七)
77%
中野区 中野(一)〜(六)
70%
足立区 千住(一)〜(五)
68%
板橋区 板橋(一)〜(四)
66%
中央区 銀座(一)〜(八)
66%
渋谷区 代々木(一)〜(五)
65%
台東区 上野(一)〜(七)
65%
渋谷区 渋谷(一)〜(四)
63%
北区 志茂(一)〜(五)
62%
新宿区 西新宿(一)〜(八)
62%
世田谷区 桜(一)〜(三)
62%
台東区 浅草(一)〜(七)
62%
中央区 日本橋(一)〜(三)
62%
豊島区 駒込(一)〜(七)
62%
文京区 大塚(一)〜(六)
61%
港区 芝(一)〜(五)
61%
品川区 大井(一)〜(七)
59%
新宿区 大久保(一)〜(三)
59%
豊島区 池袋(一)〜(四)
59%
練馬区 練馬(一)〜(四)
59%
目黒区 目黒(一)〜(四)
59%
北区 赤羽(一)〜(四)
58%
北区 豊島(一)〜(八)
58%
杉並区 荻窪(一)〜(五)
58%
世田谷区 瀬田(一)〜(五)
58%
港区 高輪(一)〜(四)
58%
荒川区 荒川(一)〜(八)
57%
大田区 蒲田(一)〜(五)
57%
江東区 亀戸(一)〜(九)
57%
世田谷区 世田谷(一)〜(四)
57%
台東区 秋葉原
57%
品川区 大崎(一)〜(五)
56%
港区 赤坂(一)〜(九)
56%
江東区 大島(一)〜(九)
54%
江東区 千田
54%
江東区 豊洲(一)〜(六)
54%
世田谷区 鎌田(一)〜(四)
54%
豊島区 高田(一)〜(三)
54%
港区 六本木(一)〜(七)
54%
足立区 綾瀬(一)〜(七)
53%
北区 王子(一)〜(六)
53%
墨田区 錦糸(一)〜(四)
53%
豊島区 目白(一)〜(五)
53%
港区 新橋(一)〜(六)
53%
新宿区 四谷(一)〜(四)
52%
港区 台場(一)・(二)
52%
江戸川区 西葛西(一)〜(八)
51%
大田区 羽田(一)〜(六)
51%
渋谷区 恵比寿(一)〜(四)
51%
板橋区 高島平(一)〜(九)
49%
葛飾区 亀有(一)〜(五)
49%
新宿区 中井(一)・(二)
49%
中央区 築地(一)〜(七)
49%
千代田区 丸の内(一)〜(三)
49%
豊島区 巣鴨(一)〜(五)
49%
文京区 水道(一)・(二)
49%
文京区 本郷(一)〜(七)
49%
江戸川区 江戸川(一)〜(六)
48%
墨田区 押上(一)〜(三)
48%
板橋区 成増(一)〜(五)
47%
北区 田端(一)〜(六)
47%
江東区 木場(一)〜(六)
47%
世田谷区 北沢(一)〜(五)
47%
豊島区 東池袋(一)〜(五)
47%
文京区 春日(一)・(二)
47%
港区 白金(一)〜(六)
47%
港区 三田(一)〜(五)
47%
目黒区 三田(一)・(二)
47%
足立区 西新井(一)〜(七)
46%
葛飾区 新宿(一)〜(六)
46%
品川区 北品川(一)〜(六)
46%
新宿区 高田馬場(一)〜(四)
46%
墨田区 両国(一)〜(四)
46%
千代田区 飯田橋(一)〜(四)
46%
千代田区 千代田
46%
江戸川区 中央(一)〜(四)
44%
大田区 中央(一)〜(八)
44%
江東区 有明(一)〜(四)
44%
品川区 中延(一)〜(六)
44%
墨田区 墨田(一)〜(五)
44%
中野区 新井(一)〜(五)
44%
中野区 中央(一)〜(五)
44%
文京区 湯島(一)〜(四)
44%
目黒区 中目黒(一)〜(五)
44%
足立区 足立(一)〜(四)
43%
荒川区 町屋(一)〜(八)
43%
板橋区 赤塚(一)〜(八)
43%
大田区 田園調布(一)〜(五)
43%
葛飾区 金町(一)〜(六)
43%
江東区 東陽(一)〜(七)
43%
渋谷区 千駄ヶ谷(一)〜(六)
43%
千代田区 富士見(一)・(二)
43%
千代田区 有楽町(一)・(二)
43%
練馬区 光が丘(一)〜(七)
43%
文京区 後楽(一)・(二)
43%
足立区 入谷(一)〜(九)
42%
大田区 多摩川(一)・(二)
42%
江東区 新木場(一)〜(四)
42%
江東区 住吉(一)・(二)
42%
江東区 南砂(一)〜(七)
42%
新宿区 神楽坂(一)〜(六)
42%
新宿区 歌舞伎町(一)・(二)
42%
新宿区 下落合(一)〜(四)
42%
世田谷区 玉川(一)〜(四)
42%
世田谷区 松原(一)〜(六)
42%
台東区 入谷(一)・(二)
42%
千代田区 大手町(一)・(二)
42%
中野区 東中野(一)〜(五)
42%
練馬区 桜台(一)〜(六)
42%
荒川区 西日暮里(一)〜(六)
41%
板橋区 上板橋(一)〜(三)
41%
板橋区 志村(一)〜(三)
41%
板橋区 蓮根(一)〜(三)
41%
江戸川区 平井(一)〜(七)
41%
江東区 千石(一)〜(三)
41%
世田谷区 代田(一)〜(六)
41%
千代田区 霞が関(一)〜(三)
41%
千代田区 麹町(一)〜(六)
41%
豊島区 長崎(一)〜(六)
41%
文京区 千石(一)〜(四)
41%
港区 虎ノ門(一)〜(五)
41%
板橋区 西台(一)〜(四)
39%
江戸川区 一之江(一)〜(八)
39%
葛飾区 青戸(一)〜(八)
39%
葛飾区 柴又(一)〜(七)
39%
葛飾区 新小岩(一)〜(四)
39%
江東区 白河(一)〜(四)
39%
中央区 月島(一)〜(四)
39%
豊島区 要町(一)〜(三)
39%
文京区 千駄木(一)〜(五)
39%
文京区 白山(一)〜(五)
39%
目黒区 自由が丘(一)〜(三)
39%
足立区 舎人(一)〜(六)
38%
北区 神谷(一)〜(三)
38%
北区 西ケ原(一)〜(四)
38%
品川区 小山(一)〜(七)
38%
杉並区 井草(一)〜(五)
38%
杉並区 上井草(一)〜(四)
38%
杉並区 下井草(一)〜(五)
38%
杉並区 下高井戸(一)〜(五)
38%
豊島区 千川(一)・(二)
38%
文京区 本駒込(一)〜(六)
38%
港区 浜松町(一)・(二)
38%
江戸川区 瑞江(一)〜(四)
37%
葛飾区 小菅(一)〜(四)
37%
葛飾区 堀切(一)〜(八)
37%
北区 浮間(一)〜(五)
37%
江東区 清澄(一)〜(三)
37%
江東区 常盤(一)・(二)
37%
江東区 門前仲町(一)・(二)
37%
品川区 戸越(一)〜(六)
37%
渋谷区 笹塚(一)〜(三)
37%
渋谷区 初台(一)・(二)
37%
世田谷区 池尻(一)〜(四)
37%
世田谷区 三軒茶屋(一)・(二)
37%
世田谷区 成城(一)〜(九)
37%
世田谷区 等々力(一)〜(八)
37%
台東区 浅草橋(一)〜(五)
37%
中央区 八重洲(一)・(二)
37%
千代田区 内幸町(一)・(二)
37%
練馬区 平和台(一)〜(四)
37%
港区 芝浦(一)〜(四)
37%
港区 南青山(一)〜(七)
37%
足立区 小台(一)・(二)
35%
荒川区 南千住(一)〜(八)
35%
板橋区 大門
35%
板橋区 中板橋
35%
大田区 平和島(一)〜(六)
35%
北区 滝野川(一)〜(七)
35%
渋谷区 上原(一)〜(三)
35%
中野区 鷺宮(一)〜(六)
35%
練馬区 上石神井(一)〜(四)
35%
港区 麻布十番(一)〜(四)
35%
目黒区 駒場(一)〜(四)
35%
板橋区 舟渡(一)・(二)
34%
大田区 西馬込(一)・(二)
34%
大田区 羽田空港(一)〜(三)
34%
葛飾区 高砂(一)〜(八)
34%
江東区 北砂(一)〜(七)
34%
品川区 西大井(一)〜(六)
34%
新宿区 信濃町
34%
杉並区 永福(一)〜(四)
34%
杉並区 方南(一)・(二)
34%
墨田区 菊川(一)〜(三)
34%
墨田区 向島(一)〜(五)
34%
台東区 千束(一)〜(四)
34%
中央区 勝どき(一)〜(六)
34%
千代田区 外神田(一)〜(六)
34%
豊島区 南池袋(一)〜(四)
34%
豊島区 南長崎(一)〜(六)
34%
中野区 野方(一)〜(六)
34%
練馬区 氷川台(一)〜(四)
34%
文京区 根津(一)・(二)
34%
港区 芝公園(一)〜(四)
34%
港区 白金台(一)〜(五)
34%
板橋区 常盤台(一)〜(四)
33%
板橋区 本町
33%
渋谷区 幡ヶ谷(一)〜(三)
33%
墨田区 本所(一)〜(四)
33%
世田谷区 駒沢(一)〜(五)
33%
世田谷区 祖師谷(一)〜(六)
33%
世田谷区 用賀(一)〜(四)
33%
千代田区 三番町
33%
千代田区 六番町
33%
豊島区 雑司が谷(一)〜(三)
33%
豊島区 西池袋(一)〜(五)
33%
中野区 沼袋(一)〜(四)
33%
中野区 本町(一)〜(六)
33%
練馬区 春日町(一)〜(六)
33%
練馬区 中村(一)〜(三)
33%
練馬区 錦(一)・(二)
33%
目黒区 洗足(一)・(二)
33%
足立区 青井(一)〜(六)
32%
板橋区 向原(一)〜(三)
32%
江戸川区 船堀(一)〜(七)
32%
北区 中里(一)〜(三)
32%
北区 東十条(一)〜(六)
32%
江東区 潮見(一)・(二)
32%
江東区 東雲(一)・(二)
32%
江東区 辰巳(一)〜(三)
32%
江東区 森下(一)〜(五)
32%
江東区 夢の島(一)〜(三)
32%
品川区 荏原(一)〜(七)
32%
渋谷区 広尾(一)〜(六)
32%
渋谷区 本町(一)〜(六)
32%
杉並区 上高井戸(一)〜(三)
32%
台東区 蔵前(一)〜(四)
32%
千代田区 一番町
32%
千代田区 永田町(一)・(二)
32%
千代田区 二番町
32%
豊島区 西巣鴨(一)〜(四)
32%
中野区 江古田(一)〜(四)
32%
目黒区 大橋(一)・(二)
32%
大田区 池上(一)〜(八)
30%
品川区 東大井(一)〜(六)
30%
新宿区 北新宿(一)〜(四)
30%
杉並区 阿佐谷北(一)〜(六)
30%
杉並区 和泉(一)〜(三)
30%
墨田区 千歳(一)〜(三)
30%
世田谷区 砧(一)〜(八)
30%
台東区 三ノ輪(一)・(二)
30%
中央区 八丁堀
30%
千代田区 神田神保町(一)〜(三)
30%
千代田区 九段北(一)〜(四)
30%
千代田区 九段南(一)〜(四)
30%
目黒区 上目黒(一)〜(五)
30%
目黒区 祐天寺(一)・(二)
30%
足立区 江北(一)〜(七)
29%
足立区 鹿浜(一)〜(八)
29%
足立区 六町(一)〜(四)
29%
江戸川区 北葛西(一)〜(五)
29%
江戸川区 東葛西(一)〜(九)
29%
大田区 山王(一)〜(四)
29%
葛飾区 水元(一)〜(五)
29%
北区 上中里(一)〜(三)
29%
江東区 越中島(一)〜(三)
29%
品川区 西品川(一)〜(三)
29%
品川区 東五反田(一)〜(五)
29%
渋谷区 松濤(一)・(二)
29%
渋谷区 神宮前(一)〜(六)
29%
新宿区 上落合(一)〜(三)
29%
新宿区 西早稲田(一)〜(三)
29%
新宿区 若葉(一)〜(三)
29%
墨田区 吾妻橋(一)〜(三)
29%
世田谷区 梅丘(一)〜(三)
29%
世田谷区 大蔵(一)〜(六)
29%
世田谷区 上北沢(一)〜(五)
29%
世田谷区 経堂(一)〜(五)
29%
世田谷区 豪徳寺(一)・(二)
29%
千代田区 岩本町(一)〜(三)
29%
千代田区 内神田(一)〜(三)
29%
千代田区 五番町
29%
千代田区 四番町
29%
練馬区 大泉学園町(一)〜(九)
29%
港区 北青山(一)〜(三)
29%
足立区 竹の塚(一)〜(七)
28%
大田区 昭和島(一)・(二)
28%
葛飾区 四つ木(一)〜(五)
28%
江東区 青海(一)〜(四)
28%
品川区 上大崎(一)〜(四)
28%
品川区 西五反田(一)〜(八)
28%
品川区 旗の台(一)〜(六)
28%
品川区 南大井(一)〜(六)
28%
新宿区 北町
28%
新宿区 百人町(一)〜(四)
28%
杉並区 阿佐谷南(一)〜(三)
28%
杉並区 久我山(一)〜(五)
28%
杉並区 高円寺北(一)〜(四)
28%
杉並区 浜田山(一)〜(四)
28%
墨田区 緑(一)〜(四)
28%
世田谷区 上野毛(一)〜(四)
28%
世田谷区 船橋(一)〜(七)
28%
中央区 晴海(一)〜(五)
28%
中央区
28%
練馬区 北町(一)〜(八)
28%
目黒区 下目黒(一)〜(六)
28%
足立区 梅島(一)〜(四)
27%
荒川区 東尾久(一)〜(八)
27%
荒川区 東日暮里(一)〜(六)
27%
葛飾区 立石(一)〜(八)
27%
品川区 東品川(一)〜(五)
27%
杉並区 高円寺南(一)〜(五)
27%
世田谷区 尾山台(一)〜(三)
27%
世田谷区 桜丘(一)〜(五)
27%
世田谷区 桜新町(一)・(二)
27%
台東区 台東(一)〜(四)
27%
足立区 扇(一)〜(三)
25%
板橋区 富士見町
25%
江戸川区 南葛西(一)〜(七)
25%
大田区 鵜の木(一)〜(三)
25%
品川区 南品川(一)〜(六)
25%
杉並区 和田(一)〜(三)
25%
世田谷区 奥沢(一)〜(八)
25%
世田谷区 桜上水(一)〜(五)
25%
世田谷区 新町(一)〜(三)
25%
世田谷区 八幡山(一)〜(三)
25%
千代田区 日比谷公園
25%
練馬区 下石神井(一)〜(六)
25%
文京区 弥生(一)・(二)
25%
港区 西麻布(一)〜(四)
25%
目黒区 大岡山(一)・(二)
25%
足立区 保木間(一)〜(五)
24%
大田区 大森西(一)〜(七)
24%
大田区 大森東(一)〜(五)
24%
大田区 下丸子(一)〜(四)
24%
大田区 令和島(一)・(二)
24%
葛飾区 宝町(一)・(二)
24%
江東区 東砂(一)〜(八)
24%
渋谷区 宇田川町
24%
渋谷区 神南(一)・(二)
24%
渋谷区 西原(一)〜(三)
24%
墨田区 八広(一)〜(六)
24%
世田谷区 若林(一)〜(五)
24%
台東区 東上野(一)〜(六)
24%
中央区 新富(一)・(二)
24%
中央区 佃(一)〜(三)
24%
中央区 日本橋浜町(一)〜(三)
24%
練馬区 高野台(一)〜(五)
24%
練馬区 西大泉(一)〜(六)
24%
練馬区 東大泉(一)〜(七)
24%
練馬区 南大泉(一)〜(六)
24%
港区 麻布台(一)〜(三)
24%
足立区 花畑(一)〜(八)
23%
荒川区 西尾久(一)〜(八)
23%
江戸川区 南小岩(一)〜(八)
23%
大田区 北千束(一)〜(三)
23%
大田区 千鳥(一)〜(三)
23%
葛飾区 お花茶屋(一)〜(三)
23%
江東区 枝川(一)〜(三)
23%
江東区 新砂(一)〜(三)
23%
新宿区 中落合(一)〜(四)
23%
墨田区 業平(一)〜(五)
23%
世田谷区 野毛(一)〜(三)
23%
豊島区 北大塚(一)〜(三)
23%
練馬区 大泉町(一)〜(六)
23%
練馬区 富士見台(一)〜(四)
23%
練馬区 谷原(一)〜(六)
23%
文京区 小石川(一)〜(五)
23%
港区 港南(一)〜(五)
23%
港区 東新橋(一)・(二)
23%
目黒区 鷹番(一)〜(三)
23%
足立区 谷中(一)〜(五)
22%
板橋区 小豆沢(一)〜(四)
22%
板橋区 弥生町
22%
江戸川区 北小岩(一)〜(八)
22%
江戸川区 西小岩(一)〜(五)
22%
江戸川区 東小岩(一)〜(六)
22%
大田区 大森北(一)〜(六)
22%
大田区 大森南(一)〜(五)
22%
大田区 北馬込(一)・(二)
22%
大田区 西蒲田(一)〜(八)
22%
北区 赤羽西(一)〜(六)
22%
品川区 広町(一)・(二)
22%
品川区 八潮(一)〜(五)
22%
杉並区 善福寺(一)〜(四)
22%
墨田区 東向島(一)〜(六)
22%
世田谷区 上馬(一)〜(五)
22%
世田谷区 喜多見(一)〜(九)
22%
世田谷区 下馬(一)〜(六)
22%
台東区 谷中(一)〜(七)
22%
千代田区 神田小川町(一)〜(三)
22%
千代田区 神田駿河台(一)〜(四)
22%
豊島区 高松(一)〜(三)
22%
豊島区 千早(一)〜(四)
22%
中野区 白鷺(一)〜(三)
22%
中野区 弥生町(一)〜(六)
22%
練馬区 高松(一)〜(六)
22%
練馬区 豊玉北(一)〜(六)
22%
港区 西新橋(一)〜(三)
22%
港区 南麻布(一)〜(五)
22%
目黒区 碑文谷(一)〜(六)
22%
足立区 千住緑町(一)〜(三)
20%
板橋区 | 渋谷区 大山町
20%
板橋区 坂下(一)〜(三)
20%
板橋区 中台(一)〜(三)
20%
江戸川区 臨海町(一)〜(六)
20%
大田区 東蒲田(一)・(二)
20%
大田区 東馬込(一)・(二)
20%
大田区 東六郷(一)〜(三)
20%
大田区 南馬込(一)〜(六)
20%
大田区 矢口(一)〜(三)
20%
北区 赤羽台(一)〜(四)
20%
品川区 勝島(一)〜(三)
20%
渋谷区 恵比寿西(一)・(二)
20%
渋谷区 道玄坂(一)・(二)
20%
杉並区 清水(一)〜(三)
20%
杉並区 西荻北(一)〜(五)
20%
杉並区 西荻南(一)〜(四)
20%
台東区 上野公園
20%
中央区 日本橋人形町(一)〜(三)
20%
中央区 日本橋箱崎町
20%
中央区 日本橋室町(一)〜(四)
20%
千代田区 紀尾井町
20%
豊島区 上池袋(一)〜(四)
20%
中野区 丸山(一)・(二)
20%
練馬区 関町南(一)〜(四)
20%
練馬区 田柄(一)〜(五)
20%
港区 海岸(一)〜(三)
20%
足立区 新田(一)〜(三)
19%
足立区 西新井本町(一)〜(五)
19%
足立区 東保木間(一)・(二)
19%
足立区 谷在家(一)〜(三)
19%
板橋区 大和町
19%
江戸川区 清新町(一)・(二)
19%
江戸川区 東篠崎(一)・(二)
19%
大田区 久が原(一)〜(六)
19%
大田区 城南島(一)〜(七)
19%
大田区 西六郷(一)〜(四)
19%
大田区 南蒲田(一)〜(三)
19%
葛飾区 鎌倉(一)〜(四)
19%
葛飾区 西水元(一)〜(六)
19%
葛飾区 水元公園
19%
北区 赤羽北(一)・(二)
19%
江東区 若洲(一)〜(三)
19%
品川区 平塚(一)〜(三)
19%
品川区 豊町(一)〜(六)
19%
渋谷区 恵比寿南(一)〜(三)
19%
新宿区 河田町
19%
新宿区 戸山(一)〜(三)
19%
新宿区 中町
19%
新宿区 西落合(一)〜(四)
19%
新宿区 若松町
19%
杉並区 大宮(一)・(二)
19%
杉並区 高井戸東(一)〜(四)
19%
世田谷区 大原(一)・(二)
19%
世田谷区 北烏山(一)〜(九)
19%
世田谷区 太子堂(一)〜(五)
19%
世田谷区 中町(一)〜(五)
19%
台東区 駒形(一)・(二)
19%
中央区 日本橋蛎殻町(一)・(二)
19%
中央区 日本橋小伝馬町
19%
豊島区 南大塚(一)〜(三)
19%
中野区 大和町(一)〜(四)
19%
文京区 目白台(一)〜(三)
19%
港区 東麻布(一)〜(三)
19%
目黒区 中町(一)・(二)
19%
目黒区 緑が丘(一)〜(三)
19%
足立区 大谷田(一)〜(五)
18%
足立区 神明(一)〜(三)
18%
足立区 千住旭町
18%
足立区 中川(一)〜(五)
18%
足立区 堀之内(一)・(二)
18%
板橋区 赤塚新町(一)〜(三)
18%
北区 | 板橋区 | 練馬区 栄町
18%
板橋区 桜川(一)〜(三)
18%
板橋区 徳丸(一)〜(八)
18%
新宿区 | 板橋区 南町
18%
江戸川区 鹿骨(一)〜(六)
18%
大田区 大森中(一)〜(三)
18%
大田区 大森本町(一)・(二)
18%
大田区 仲六郷(一)〜(四)
18%
大田区 西糀谷(一)〜(四)
18%
大田区 東雪谷(一)〜(五)
18%
大田区 平和の森公園
18%
大田区 南千束(一)〜(三)
18%
葛飾区 西新小岩(一)〜(五)
18%
葛飾区 東新小岩(一)〜(八)
18%
葛飾区 東堀切(一)〜(三)
18%
葛飾区 東水元(一)〜(五)
18%
葛飾区 細田(一)〜(五)
18%
北区 赤羽南(一)・(二)
18%
北区 中十条(一)〜(四)
18%
江東区 佐賀(一)・(二)
18%
江東区 富岡(一)・(二)
18%
江東区 古石場(一)〜(三)
18%
品川区 小山台(一)・(二)
18%
品川区 西中延(一)〜(三)
18%
品川区 東八潮
18%
品川区 二葉(一)〜(四)
18%
渋谷区 神泉町
18%
渋谷区 代官山町
18%
渋谷区 富ヶ谷(一)・(二)
18%
新宿区 市谷田町(一)〜(三)
18%
杉並区 天沼(一)〜(三)
18%
杉並区 今川(一)〜(四)
18%
杉並区 上荻(一)〜(四)
18%
杉並区 松庵(一)〜(三)
18%
杉並区 高井戸西(一)〜(三)
18%
杉並区 成田西(一)〜(四)
18%
杉並区 成田東(一)〜(五)
18%
杉並区 南荻窪(一)〜(三)
18%
杉並区 桃井(一)〜(四)
18%
墨田区 江東橋(一)〜(五)
18%
世田谷区 上祖師谷(一)〜(七)
18%
世田谷区 弦巻(一)〜(五)
18%
世田谷区 深沢(一)〜(八)
18%
世田谷区 三宿(一)・(二)
18%
世田谷区 南烏山(一)〜(六)
18%
台東区 西浅草(一)〜(三)
18%
中央区 入船(一)〜(三)
18%
千代田区 神田淡路町(一)・(二)
18%
千代田区 神田猿楽町(一)・(二)
18%
千代田区 神田錦町(一)〜(三)
18%
千代田区 北の丸公園
18%
中野区 上高田(一)〜(五)
18%
練馬区 小竹町(一)・(二)
18%
練馬区 石神井町(一)〜(八)
18%
練馬区 関町北(一)〜(五)
18%
練馬区 中村北(一)〜(四)
18%
足立区 佐野(一)・(二)
16%
足立区 舎人公園
16%
足立区 西綾瀬(一)〜(四)
16%
足立区 西保木間(一)〜(四)
16%
足立区 東六月町
16%
足立区 南花畑(一)〜(五)
16%
足立区 六木(一)〜(四)
16%
江戸川区 松本(一)・(二)
16%
大田区 蒲田本町(一)・(二)
16%
大田区 中馬込(一)〜(三)
16%
大田区 西嶺町
16%
大田区 萩中(一)〜(三)
16%
大田区 羽田旭町
16%
大田区 東糀谷(一)〜(六)
16%
大田区 東嶺町
16%
大田区 南雪谷(一)〜(五)
16%
葛飾区 奥戸(一)〜(九)
16%
葛飾区 金町浄水場
16%
葛飾区 白鳥(一)〜(四)
16%
葛飾区 東金町(一)〜(八)
16%
北区 田端新町(一)〜(三)
16%
江東区 塩浜(一)・(二)
16%
江東区 三好(一)〜(四)
16%
品川区 東中延(一)・(二)
16%
渋谷区 猿楽町
16%
新宿区 市谷本村町
16%
新宿区 早稲田鶴巻町
16%
杉並区 堀ノ内(一)〜(三)
16%
墨田区 京島(一)〜(三)
16%
墨田区 横網(一)・(二)
16%
墨田区 横川(一)〜(五)
16%
台東区 北上野(一)・(二)
16%
台東区 寿(一)〜(四)
16%
台東区 花川戸(一)・(二)
16%
中央区 新川(一)・(二)
16%
中央区 東日本橋
16%
千代田区 神田三崎町(一)〜(三)
16%
中野区 上鷺宮(一)〜(五)
16%
中野区 若宮(一)〜(三)
16%
練馬区 石神井台(一)〜(八)
16%
練馬区 土支田(一)〜(四)
16%
練馬区 中村南(一)〜(三)
16%
練馬区 西大泉町
16%
練馬区 三原台(一)〜(三)
16%
目黒区 柿の木坂(一)〜(三)
16%
目黒区 中根(一)・(二)
16%
目黒区 東山(一)〜(三)
16%
足立区 加平(一)〜(三)
15%
足立区 島根(一)〜(四)
15%
足立区 千住橋戸町
15%
足立区 中央本町(一)〜(五)
15%
足立区 西新井栄町(一)〜(三)
15%
足立区 東綾瀬(一)〜(三)
15%
足立区 一ツ家(一)〜(四)
15%
板橋区 相生町
15%
板橋区 新河岸(一)〜(三)
15%
板橋区 仲町
15%
板橋区 東坂下(一)・(二)
15%
板橋区 若木(一)〜(三)
15%
江戸川区 北篠崎(一)・(二)
15%
江戸川区 小松川(一)〜(四)
15%
江戸川区 中葛西(一)〜(八)
15%
江戸川区 西瑞江(一)〜(三)
15%
江戸川区 東瑞江(一)〜(三)
15%
大田区 北嶺町
15%
大田区 京浜島(一)〜(三)
15%
大田区 田園調布本町
15%
大田区 田園調布南
15%
大田区 ふるさとの浜辺公園
15%
大田区 本羽田(一)〜(三)
15%
大田区 南六郷(一)〜(三)
15%
大田区 雪谷大塚町
15%
葛飾区 東四つ木(一)〜(四)
15%
葛飾区 南水元(一)〜(四)
15%
北区 上十条(一)〜(五)
15%
北区 十条仲原(一)〜(四)
15%
北区 西が丘(一)〜(四)
15%
江東区 石島
15%
江東区 海の森(一)〜(三)
15%
江東区 永代(一)・(二)
15%
江東区 猿江(一)・(二)
15%
江東区 高橋
15%
江東区 牡丹(一)〜(三)
15%
渋谷区 桜丘町
15%
渋谷区 円山町
15%
渋谷区 元代々木町
15%
渋谷区 代々木神園町
15%
新宿区 荒木町
15%
新宿区 市谷柳町
15%
新宿区 築地町
15%
新宿区 余丁町
15%
墨田区 石原(一)〜(四)
15%
墨田区 亀沢(一)〜(四)
15%
世田谷区 駒沢公園
15%
世田谷区 代沢(一)〜(五)
15%
世田谷区 羽根木(一)・(二)
15%
台東区 根岸(一)〜(五)
15%
台東区 橋場(一)・(二)
15%
中央区 明石町
15%
中央区 日本橋茅場町(一)〜(三)
15%
中央区 日本橋馬喰町(一)・(二)
15%
中央区 日本橋横山町
15%
千代田区 神田鍛冶町(三)
15%
千代田区 神田北乗物町
15%
千代田区 神田佐久間町(一)〜(四)
15%
千代田区 神田須田町(一)・(二)
15%
千代田区 皇居外苑
15%
千代田区 東神田(一)〜(三)
15%
豊島区 池袋本町(一)〜(四)
15%
練馬区 関町東(一)・(二)
15%
練馬区 豊玉南(一)〜(三)
15%
練馬区 貫井(一)〜(五)
15%
練馬区 南田中(一)〜(五)
15%
文京区 小日向(一)〜(四)
15%
文京区 西片(一)・(二)
15%
港区 麻布狸穴町
15%
港区 愛宕(一)・(二)
15%
港区 芝大門(一)・(二)
15%
目黒区 中央町(一)・(二)
15%
目黒区 目黒本町(一)〜(六)
15%
足立区 伊興(一)〜(五)
14%
足立区 入谷町
14%
板橋区 | 足立区 加賀(一)・(二)
14%
足立区 弘道(一)・(二)
14%
足立区 皿沼(一)〜(三)
14%
足立区 千住曙町
14%
足立区 千住大川町
14%
足立区 千住寿町
14%
足立区 千住関屋町
14%
足立区 千住元町
14%
足立区 平野(一)〜(三)
14%
足立区 宮城(一)・(二)
14%
足立区 本木(一)・(二)
14%
足立区 本木北町
14%
足立区 六月(一)〜(三)
14%
板橋区 泉町
14%
板橋区 大谷口(一)・(二)
14%
板橋区 大山西町
14%
板橋区 熊野町
14%
板橋区 幸町
14%
板橋区 三園(一)〜(四)
14%
江戸川区 一之江町
14%
江戸川区 鹿骨町
14%
江戸川区 東篠崎町
14%
江戸川区 堀江町
14%
江戸川区 松江(一)〜(七)
14%
江戸川区 松島(一)〜(四)
14%
大田区 石川町(一)・(二)
14%
大田区 上池台(一)〜(五)
14%
大田区 新蒲田(一)〜(三)
14%
大田区 東矢口(一)〜(三)
14%
大田区 南久が原(一)・(二)
14%
葛飾区 西亀有(一)〜(四)
14%
葛飾区 東立石(一)〜(四)
14%
北区 岩淵町
14%
北区 王子本町(一)〜(三)
14%
北区 十条台(一)・(二)
14%
北区 昭和町(一)〜(三)
14%
北区 東田端(一)・(二)
14%
北区 堀船(一)〜(四)
14%
江東区 扇橋(一)〜(三)
14%
江東区 平野(一)〜(四)
14%
江東区 深川(一)・(二)
14%
江東区 福住(一)・(二)
14%
江東区 毛利(一)・(二)
14%
渋谷区 鶯谷町
14%
新宿区 赤城元町
14%
新宿区 市谷加賀町(一)・(二)
14%
新宿区 市谷甲良町
14%
新宿区 市谷砂土原町(一)〜(三)
14%
新宿区 市谷鷹匠町
14%
新宿区 市谷長延寺町
14%
新宿区 霞ヶ丘町
14%
新宿区 下宮比町
14%
新宿区 水道町
14%
新宿区 箪笥町
14%
新宿区 内藤町
14%
新宿区 馬場下町
14%
新宿区 原町(一)〜(三)
14%
新宿区 早稲田町
14%
新宿区 早稲田南町
14%
杉並区 梅里(一)・(二)
14%
杉並区 宮前(一)〜(五)
14%
墨田区 立川(一)〜(四)
14%
墨田区 東駒形(一)〜(四)
14%
世田谷区 宇奈根(一)〜(三)
14%
世田谷区 砧公園
14%
世田谷区 野沢(一)〜(四)
14%
台東区 池之端(一)〜(四)
14%
台東区 上野桜木(一)・(二)
14%
台東区 小島(一)・(二)
14%
台東区 日本堤(一)・(二)
14%
中央区 日本橋大伝馬町
14%
中央区 日本橋兜町
14%
中央区 日本橋小舟町
14%
中央区 日本橋本石町(一)〜(四)
14%
中央区 日本橋本町(一)〜(四)
14%
中央区 浜離宮庭園
14%
千代田区 鍛冶町(一)・(二)
14%
千代田区 神田相生町
14%
千代田区 神田和泉町
14%
千代田区 神田岩本町
14%
千代田区 神田司町(二)
14%
千代田区 神田西福田町
14%
千代田区 神田美土代町
14%
千代田区 西神田(一)〜(三)
14%
千代田区 隼町
14%
千代田区 平河町(一)・(二)
14%
練馬区 豊玉中(一)〜(四)
14%
文京区 関口(一)〜(三)
14%
目黒区 青葉台(一)〜(四)
14%
目黒区 原町(一)・(二)
14%
目黒区 東が丘(一)・(二)
14%
足立区 千住河原町
13%
足立区 千住桜木(一)・(二)
13%
足立区 千住龍田町
13%
足立区 千住中居町
13%
足立区 千住仲町
13%
足立区 千住宮元町
13%
足立区 東和(一)〜(五)
13%
足立区 舎人町
13%
足立区 西伊興(一)〜(四)
13%
足立区 西伊興町
13%
足立区 西竹の塚(一)・(二)
13%
足立区 日ノ出町
13%
足立区 本木西町
13%
足立区 本木東町
13%
足立区 本木南町
13%
板橋区 大原町
13%
板橋区 大谷口上町
13%
板橋区 大谷口北町
13%
板橋区 大山金井町
13%
板橋区 大山東町
13%
板橋区 小茂根(一)〜(五)
13%
板橋区 中丸町
13%
板橋区 蓮沼町
13%
板橋区 双葉町
13%
板橋区 前野町(一)〜(六)
13%
板橋区 四葉(一)・(二)
13%
江戸川区 宇喜田町
13%
江戸川区 上一色(一)〜(三)
13%
江戸川区 上篠崎(一)〜(四)
13%
江戸川区 篠崎町(一)〜(八)
13%
江戸川区 下篠崎町
13%
江戸川区 西一之江(一)〜(四)
13%
江戸川区 西小松川町
13%
江戸川区 二之江町
13%
江戸川区 東小松川(一)〜(四)
13%
江戸川区 東松本(一)・(二)
13%
江戸川区 本一色(一)〜(三)
13%
江戸川区 南篠崎町(一)〜(五)
13%
江戸川区 谷河内(一)・(二)
13%
大田区 北糀谷(一)・(二)
13%
北区 桐ケ丘(一)・(二)
13%
江東区 海辺
13%
江東区 新大橋(一)〜(三)
13%
江東区 冬木
13%
渋谷区 神山町
13%
渋谷区 南平台町
13%
新宿区 愛住町
13%
新宿区 赤城下町
13%
新宿区 市谷左内町
13%
新宿区 市谷仲之町
13%
新宿区 市谷八幡町
13%
新宿区 市谷船河原町
13%
新宿区 左門町
13%
新宿区 白銀町
13%
新宿区 新小川町
13%
新宿区 住吉町
13%
新宿区 津久戸町
13%
新宿区 筑土八幡町
13%
新宿区 富久町
13%
新宿区 西五軒町
13%
新宿区 東五軒町
13%
新宿区 四谷三栄町
13%
杉並区 本天沼(一)〜(三)
13%
墨田区 太平(一)〜(四)
13%
墨田区 堤通(一)・(二)
13%
墨田区 東墨田(一)〜(三)
13%
世田谷区 赤堤(一)〜(五)
13%
世田谷区 給田(一)〜(五)
13%
世田谷区 玉川田園調布(一)・(二)
13%
世田谷区 玉堤(一)・(二)
13%
世田谷区 千歳台(一)〜(六)
13%
台東区 今戸(一)・(二)
13%
台東区 清川(一)・(二)
13%
台東区 下谷(一)〜(三)
13%
台東区 松が谷(一)〜(四)
13%
台東区 三筋(一)・(二)
13%
中央区 豊海町
13%
中央区 日本橋小網町
13%
中央区 日本橋富沢町
13%
中央区 日本橋中洲
13%
中央区 日本橋久松町
13%
中央区 日本橋堀留町(一)・(二)
13%
千代田区 神田紺屋町
13%
千代田区 神田多町(二)
13%
千代田区 神田富山町
13%
千代田区 神田美倉町
13%
練馬区 旭町(一)〜(三)
13%
練馬区 向山(一)〜(四)
13%
練馬区 立野町
13%
港区 麻布永坂町
13%
港区 元赤坂(一)・(二)
13%
目黒区 五本木(一)〜(三)
13%
目黒区 八雲(一)〜(五)
13%
足立区 梅田(一)〜(八)
11%
足立区 栗原(一)〜(四)
11%
足立区 古千谷(一)・(二)
11%
足立区 古千谷本町(一)〜(四)
11%
足立区 神明南(一)・(二)
11%
足立区 西加平(一)・(二)
11%
足立区 東伊興(一)〜(四)
11%
足立区 柳原(一)・(二)
11%
板橋区 稲荷台
11%
板橋区 清水町
11%
板橋区 東新町(一)・(二)
11%
板橋区 東山町
11%
板橋区 氷川町
11%
板橋区 南常盤台(一)・(二)
11%
江戸川区 新堀(一)・(二)
11%
江戸川区 西篠崎(一)・(二)
11%
大田区 東海(一)〜(六)
11%
大田区 仲池上(一)・(二)
11%
北区 岸町(一)・(二)
11%
渋谷区 鉢山町
11%
新宿区 市谷台町
11%
新宿区 市谷薬王寺町
11%
新宿区 市谷山伏町
11%
新宿区 改代町
11%
新宿区 舟町
11%
新宿区 矢来町
11%
新宿区 四谷坂町
11%
新宿区 四谷本塩町
11%
杉並区 松ノ木(一)〜(三)
11%
墨田区 立花(一)〜(六)
11%
世田谷区 岡本(一)〜(三)
11%
台東区 雷門(一)・(二)
11%
台東区 鳥越(一)・(二)
11%
台東区 竜泉(一)〜(三)
11%
千代田区 神田佐久間河岸
11%
千代田区 神田花岡町
11%
千代田区 神田東松下町
11%
千代田区 神田平河町
11%
千代田区 一ツ橋(一)・(二)
11%
中野区 江原町(一)〜(三)
11%
中野区 松が丘(一)・(二)
11%
練馬区 旭丘(一)・(二)
11%
練馬区 上石神井南町
11%
文京区 向丘(一)・(二)
11%
港区 元麻布(一)〜(三)
11%
足立区 伊興本町(一)・(二)
10%
足立区 興野(一)・(二)
10%
足立区 千住東(一)・(二)
10%
足立区 千住柳町
10%
足立区 椿(一)・(二)
10%
板橋区 宮本町
10%
江戸川区 大杉(一)〜(五)
10%
新宿区 揚場町
10%
新宿区 神楽河岸
10%
新宿区 喜久井町
10%
新宿区 北山伏町
10%
新宿区 戸塚町
10%
新宿区 中里町
10%
新宿区 東榎町
10%
新宿区 南元町
10%
新宿区 南山伏町
10%
新宿区 横寺町
10%
世田谷区 東玉川(一)・(二)
10%
世田谷区 宮坂(一)〜(三)
10%
台東区 東浅草(一)・(二)
10%
台東区 柳橋(一)・(二)
10%
千代田区 神田東紺屋町
10%
千代田区 神田松永町
10%
中野区 南台(一)〜(五)
10%
練馬区 豊玉上(一)・(二)
10%
練馬区 早宮(一)〜(四)
10%
文京区 音羽(一)・(二)
10%
目黒区 平町(一)・(二)
10%
足立区 北加平町
9%
板橋区 仲宿
9%
江戸川区 興宮町
9%
江戸川区 春江町(一)〜(五)
9%
新宿区 榎町
9%
新宿区 片町
9%
新宿区 天神町
9%
新宿区 袋町
9%
新宿区 南榎町
9%
新宿区 山吹町
9%
新宿区 若宮町
9%
墨田区 文花(一)〜(三)
9%
世田谷区 上用賀(一)〜(六)
9%
世田谷区 玉川台(一)・(二)
9%
台東区 元浅草(一)〜(四)
9%
千代田区 神田練塀町
9%
足立区 関原(一)〜(三)
8%
足立区 辰沼(一)・(二)
8%
足立区 保塚町
8%
新宿区 岩戸町
8%
新宿区 須賀町
8%
新宿区 大京町
8%
新宿区 弁天町
8%
世田谷区 粕谷(一)〜(四)
8%
新宿区 納戸町
6%
新宿区 払方町
6%
新宿区 細工町
4%
新宿区 二十騎町
4%
練馬区 羽沢(一)〜(三)
1%
No matching quizzes found
Score Distribution
Percent of People with Each Score
Percentile by Number Answered
Your Score History
You have not taken this quiz